Holiday Quiz

Random Holiday or Christmas Quiz

Bullseye Blitz: Holidays! Quiz Stats

 Plays Quiz Updated Jul 27, 2018

Score 0/48 Timer 04:00
21 Plays Today
% Correct
Mother's Day
95%
Valentine's Day
94.7%
Christmas
93.8%
Dancer
90%
Partridge in a Pear Tree
89.7%
Cupid
87.5%
Comet
86.3%
Geese a Laying
85.4%
Old Silk Hat
84.7%
Gold
84.5%
Silver
83.2%
Birthdays
82.4%
Eyes Made out of Coal
81.8%
Rabbit
81.4%
Ronald Reagan
81%
Blitzen
81%
Abraham Lincoln
80.4%
French Hens
79.5%
Labor Day
79.2%
Tiger
78.7%
Diamond
76.9%
Chicago Bears
76.2%
Wood
76.1%
Button Nose
75.3%
% Correct
Ox
74.3%
Memorial Day
74.3%
Green Bay Packers
74.2%
William H. Harrison
73.9%
Papua New Guinea
73.8%
New Zealand
73.8%
Canada
73.6%
George Washington
73.3%
Paper
72.9%
Jesus
72%
Washington's Birthday
70.6%
Dallas Cowboys
67.7%
Rat
61.5%
Australia
61.1%
Birthday of MLK, Jr.
60.7%
Aquamarine
59.8%
Calling Birds
58.3%
Amethyst
55.5%
Corncob Pipe
54.5%
Detroit Lions
50.3%
James
45.8%
Bartholomew
40.4%
Garnet
39.1%
Andrew
35.8%

You're not logged in!

Compare scores with friends on all Sporcle quizzes.
OR
Log In

Sporcle TV

Today on Sporcle TV


Watch our educational content, quiz creation guides, and fun videos on Sporcle TV.

Show Comments

Extras

Top Quizzes Today


Score Distribution

Your Account Isn't Verified!

In order to create a playlist on Sporcle, you need to verify the email address you used during registration. Go to your Sporcle Settings to finish the process.

Report this User

Report this user for behavior that violates our Community Guidelines.

Details: